| 000 | 00879nas a2200241 4500 | ||
|---|---|---|---|
| 001 | BR8802928 | ||
| 003 | BR-BrBNA | ||
| 005 | 20231205091144.0 | ||
| 007 | ta | ||
| 008 | 230509b bl.|||p| |||| 00| 00por d | ||
| 040 |
_aBR-BrBNA _bpor _cBiblioteca Nacional de Agricultura |
||
| 041 | _a(Pt) | ||
| 072 | _aL40; M11 | ||
| 100 | 1 | _aLima, F.C. de | |
| 245 | 1 | _aInvolucao ovariana da sardinha-verdadeira (Sardinella brasiliensis Steindachner, 1879). Aspectos histologicos | |
| 246 | 1 | _aOvarian involution of the sardine (Sardinella brasiliensis Steindachner, 1879). Histological aspects | |
| 650 | _aSARDINHA-VERDADEIRA | ||
| 650 | _aHISTOLOGIA ANIMAL | ||
| 650 | _aOVARIO | ||
| 773 | 0 |
_tArquivos Fluminenses de Medicina Veterinaria (Brazil) _xISSN 0102-7794 _g(Jul-Sep 1987), v. 2(3) p. 84-86 _wBR8802928 |
|
| 909 |
_a202311 _bLúcia _c55 _dLúcia Elande |
||
| 942 |
_2AGRIS _n0 _cANA |
||
| 999 |
_c123191 _d123191 |
||